000 00494cam a22001934a 4500
005 20250605164159.0
008 250528s ||||||||||||||||||||||||d
035 _a19732
020 _a335211062
040 _aGR-AtMCL
_bgre
_dGR-AtMCL
_eAACR2
245 1 _aSHAPING EARLY CHILDHOOD / LEARNERS , CURRICULUM AND CONTEXTS
250 _a1
260 _bOpen University Press,
_c2003
300 _a352
700 1 _aMac Naughton Glenda
_95935
942 _cBK
999 _c4988
_d4988